Understanding and reducing persistent poverty in Africa. (Record no. 7647)

MARC details
000 -LEADER
fixed length control field 00801nam a22002297a 4500
003 - CONTROL NUMBER IDENTIFIER
control field OSt
005 - DATE AND TIME OF LATEST TRANSACTION
control field 20220122122825.0
008 - FIXED-LENGTH DATA ELEMENTS--GENERAL INFORMATION
fixed length control field 220122b ||||| |||| 00| 0 eng d
020 ## - INTERNATIONAL STANDARD BOOK NUMBER
International Standard Book Number 0415463890
040 ## - CATALOGING SOURCE
Transcribing agency DDC
082 ## - DEWEY DECIMAL CLASSIFICATION NUMBER
Classification number 362.5096 UND 2008
100 ## - MAIN ENTRY--PERSONAL NAME
Personal name Christopher B. Barrett: Michael R. Carter : Peter D. Little
9 (RLIN) 15633
245 ## - TITLE STATEMENT
Title Understanding and reducing persistent poverty in Africa.
260 ## - PUBLICATION, DISTRIBUTION, ETC. (IMPRINT)
Place of publication, distribution, etc. New York :
Name of publisher, distributor, etc. Routledge;
Date of publication, distribution, etc. 2008
300 ## - PHYSICAL DESCRIPTION
Extent 210 pages :
Other physical details illustrations, maps ;
Dimensions 25cm.
504 ## - BIBLIOGRAPHY, ETC. NOTE
Bibliography, etc Includes bibliographical references and index
650 ## - SUBJECT ADDED ENTRY--TOPICAL TERM
Topical term or geographic name as entry element Poverty -- Africa
9 (RLIN) 15634
650 ## - SUBJECT ADDED ENTRY--TOPICAL TERM
Topical term or geographic name as entry element Poverty -- Government policy -- Africa
9 (RLIN) 15635
650 ## - SUBJECT ADDED ENTRY--TOPICAL TERM
Topical term or geographic name as entry element Africa -- Economic policy
9 (RLIN) 15636
650 ## - SUBJECT ADDED ENTRY--TOPICAL TERM
Topical term or geographic name as entry element Africa -- Economic conditions -- 1960-
9 (RLIN) 15637
942 ## - ADDED ENTRY ELEMENTS (KOHA)
Source of classification or shelving scheme Dewey Decimal Classification
Koha item type Book
Holdings
Withdrawn status Lost status Source of classification or shelving scheme Damaged status Not for loan Home library Current library Date acquired Source of acquisition Inventory number Total Checkouts Full call number Barcode Date last seen Price effective from Koha item type
    Dewey Decimal Classification     MUST Main Library MUST Main Library 22/01/2022 Purchase 15/39546   362.5096 UND 2008 2022-0099 22/01/2022 22/01/2022 Book